000
00268nam a22001097a 4500
008
170120b xxu||||| |||| 00| 0 eng d
020
_a
0023045809
041
_a
eng
080
_2
2D
_a
618.2
245
_a
UNDERSTANDING THE NURSING PROCESS
_c
ATKINSON. L.D
942
_2
udc
_c
BK
999
_c
3312
_d
3312